GIS and generalization : (Record no. 332264)

000 -LEADER
fixed length control field 01428cam a2200373 a 4500
001 - CONTROL NUMBER
control field 3517429
003 - CONTROL NUMBER IDENTIFIER
control field NUST
005 - DATE AND TIME OF LATEST TRANSACTION
control field 20171122095657.0
008 - FIXED-LENGTH DATA ELEMENTS--GENERAL INFORMATION
fixed length control field 950522s1995 enka b 101 0 eng d
010 ## - LIBRARY OF CONGRESS CONTROL NUMBER
LC control number 95203926
015 ## - NATIONAL BIBLIOGRAPHY NUMBER
National bibliography number GB95-42728
020 ## - INTERNATIONAL STANDARD BOOK NUMBER
International Standard Book Number 0748403183 (cased)
020 ## - INTERNATIONAL STANDARD BOOK NUMBER
International Standard Book Number 0748403191 (paper) :
Terms of availability £24.95
035 ## - SYSTEM CONTROL NUMBER
System control number (OCoLC)32701353
040 ## - CATALOGING SOURCE
Original cataloging agency Uk
Transcribing agency Uk
Modifying agency MiKW
-- WU
-- DLC
042 ## - AUTHENTICATION CODE
Authentication code lccopycat
050 04 - LIBRARY OF CONGRESS CALL NUMBER
Classification number G70.2
Item number .G57418 1995
082 00 - DEWEY DECIMAL CLASSIFICATION NUMBER
Classification number 910.285 MUL
Edition number 20
245 00 - TITLE STATEMENT
Title GIS and generalization :
Remainder of title methodology and practice /
Statement of responsibility, etc. Editors, J.C. Müller, J.P. Lagrange, and R. Weibel.
260 ## - PUBLICATION, DISTRIBUTION, ETC.
Place of publication, distribution, etc. London ;
-- Bristol, PA :
Name of publisher, distributor, etc. Taylor & Francis,
Date of publication, distribution, etc. c1995.
300 ## - PHYSICAL DESCRIPTION
Extent xviii, 257 p. :
Other physical details ill. ;
Dimensions 26 cm.
440 #0 - SERIES STATEMENT/ADDED ENTRY--TITLE
Title GISDATA ;
Volume/sequential designation 1
9 (RLIN) 6617
500 ## - GENERAL NOTE
General note P.B
504 ## - BIBLIOGRAPHY, ETC. NOTE
Bibliography, etc. note Includes bibliographical references and index.
650 #0 - SUBJECT ADDED ENTRY--TOPICAL TERM
Topical term or geographic name entry element Geographic information systems
General subdivision Congresses.
9 (RLIN) 6618
650 #0 - SUBJECT ADDED ENTRY--TOPICAL TERM
Topical term or geographic name entry element Cartography
General subdivision Data processing
-- Congresses.
9 (RLIN) 6619
700 1# - ADDED ENTRY--PERSONAL NAME
Personal name Muller, J. C.
Fuller form of name (Jean-Claude),
Dates associated with a name 1941-
9 (RLIN) 6620
700 1# - ADDED ENTRY--PERSONAL NAME
Personal name Lagrange, J. P.
Fuller form of name (Jean-Philippe)
9 (RLIN) 6621
700 1# - ADDED ENTRY--PERSONAL NAME
Personal name Weibel, R.
Fuller form of name (Robert)
9 (RLIN) 6622
856 42 - ELECTRONIC LOCATION AND ACCESS
Materials specified Publisher description
Uniform Resource Identifier <a href="http://www.loc.gov/catdir/enhancements/fy0745/95203926-d.html">http://www.loc.gov/catdir/enhancements/fy0745/95203926-d.html</a>
906 ## - LOCAL DATA ELEMENT F, LDF (RLIN)
a 7
b cbc
c copycat
d 2
e ncip
f 19
g y-gencatlg
942 ## - ADDED ENTRY ELEMENTS (KOHA)
Source of classification or shelving scheme
Koha item type Book
Call number prefix IESE
Holdings
Withdrawn status Lost status Source of classification or shelving scheme Damaged status Not for loan Collection code Permanent Location Current Location Shelving location Date acquired Total Checkouts Full call number Barcode Date last seen Price effective from Koha item type
            Institute of Environmental Science and Engineering (IESE) Institute of Environmental Science and Engineering (IESE) General Stacks 11/22/2017   910.285 MUL IESE-1037 11/22/2017 11/22/2017 Book
© 2023 Central Library, National University of Sciences and Technology. All Rights Reserved.